000 00567nam a2200181 a 4500
001 000034555
005 20200930073750.0
008 111006s1972 xxua r 000 0 spa d
020 _a0669752754
040 _aDO-SdBNP
_bspa
_cBNPHU
082 _axxxx
_bxxxx
100 1 _aHowland, John L.
_959988
245 1 0 _aA mathematical approach to biology /
_cJohn L. Howland, Charles A. Grobe, Jr.
260 _aEstados Unidos :
_bHeath and company,
_c1972.
300 _aviii, 96 p. :
_bil. ;
_c21 cm.
590 _aInventariado, 2019/BT
700 1 _aGrobe, Charles A.
_959989
999 _c34046
_d34046